| 000 | 00377 a2200109 4500 | ||
|---|---|---|---|
| 001 | ART_49612 | ||
| 005 | 20260410161809.0 | ||
| 008 | 260409a | ||
| 245 | 1 | 0 | _a¿Es acaso un delirio reclamar la aplicación de la mediación a la materia concursal? |
| 100 | 1 | _aLorente, Javier A. | |
| 773 | 0 |
_tDoctrina Societaria y Concursal _g- N° 382 (sep. 2019) _wREV4298 |
|
| 999 |
_c21313 _d21313 |
||